Dataset Open Access

Data publication: Ferromagnetic Resonance response of bcc Fe60V40 layers generated from short-range ordered precursors

Anwar, Md. Shadab; Cansever, Hamza; Lenz, Kilian; Kentsch, Ulrich; Zhou, Shengqiang; Faßbender, Jürgen; Potzger, Kay; Hellwig, Olav; Lindner, Jürgen; Bali, Rantej


MARC21 XML Export

<?xml version='1.0' encoding='UTF-8'?>
<record xmlns="http://www.loc.gov/MARC21/slim">
  <leader>00000nmm##2200000uu#4500</leader>
  <controlfield tag="005">20260422062353.0</controlfield>
  <datafield tag="024" ind1=" " ind2=" ">
    <subfield code="a">10.14278/rodare.4609</subfield>
    <subfield code="2">doi</subfield>
  </datafield>
  <datafield tag="856" ind1="4" ind2=" ">
    <subfield code="s">136631760</subfield>
    <subfield code="u">https://rodare.hzdr.de/record/4609/files/Energy dependendent Irradiation series.zip</subfield>
    <subfield code="z">md5:cc4c7cc3864b2d69f10cf38619aa96d2</subfield>
  </datafield>
  <datafield tag="100" ind1=" " ind2=" ">
    <subfield code="a">Anwar, Md. Shadab</subfield>
  </datafield>
  <datafield tag="909" ind1="C" ind2="O">
    <subfield code="o">oai:rodare.hzdr.de:4609</subfield>
    <subfield code="p">openaire_data</subfield>
    <subfield code="p">user-rodare</subfield>
    <subfield code="p">user-fwi</subfield>
    <subfield code="p">user-ibc</subfield>
  </datafield>
  <datafield tag="980" ind1=" " ind2=" ">
    <subfield code="a">dataset</subfield>
  </datafield>
  <datafield tag="260" ind1=" " ind2=" ">
    <subfield code="c">2026-04-14</subfield>
  </datafield>
  <datafield tag="540" ind1=" " ind2=" ">
    <subfield code="u">https://creativecommons.org/licenses/by/4.0/legalcode</subfield>
    <subfield code="a">Creative Commons Attribution 4.0 International</subfield>
  </datafield>
  <datafield tag="980" ind1=" " ind2=" ">
    <subfield code="a">user-fwi</subfield>
  </datafield>
  <datafield tag="980" ind1=" " ind2=" ">
    <subfield code="a">user-ibc</subfield>
  </datafield>
  <datafield tag="980" ind1=" " ind2=" ">
    <subfield code="a">user-rodare</subfield>
  </datafield>
  <datafield tag="520" ind1=" " ind2=" ">
    <subfield code="a">&lt;p&gt;This dataset comprises raw data for the experimental and simulation results presented in the associated paper.&lt;/p&gt;</subfield>
  </datafield>
  <datafield tag="542" ind1=" " ind2=" ">
    <subfield code="l">open</subfield>
  </datafield>
  <datafield tag="653" ind1=" " ind2=" ">
    <subfield code="a">Ferromagnetic Resonance</subfield>
  </datafield>
  <datafield tag="653" ind1=" " ind2=" ">
    <subfield code="a">Fe-V alloys</subfield>
  </datafield>
  <datafield tag="653" ind1=" " ind2=" ">
    <subfield code="a">short-range order</subfield>
  </datafield>
  <datafield tag="653" ind1=" " ind2=" ">
    <subfield code="a">magnetic properties</subfield>
  </datafield>
  <datafield tag="653" ind1=" " ind2=" ">
    <subfield code="a">ion-irradiation</subfield>
  </datafield>
  <datafield tag="650" ind1="1" ind2="7">
    <subfield code="a">cc-by</subfield>
    <subfield code="2">opendefinition.org</subfield>
  </datafield>
  <datafield tag="773" ind1=" " ind2=" ">
    <subfield code="a">10.17815/jlsrf-3-159</subfield>
    <subfield code="i">cites</subfield>
    <subfield code="n">doi</subfield>
  </datafield>
  <datafield tag="773" ind1=" " ind2=" ">
    <subfield code="a">10.1002/aelm.202500697</subfield>
    <subfield code="i">isReferencedBy</subfield>
    <subfield code="n">doi</subfield>
  </datafield>
  <datafield tag="773" ind1=" " ind2=" ">
    <subfield code="a">https://www.hzdr.de/publications/Publ-43250</subfield>
    <subfield code="i">isIdenticalTo</subfield>
    <subfield code="n">url</subfield>
  </datafield>
  <datafield tag="773" ind1=" " ind2=" ">
    <subfield code="a">https://www.hzdr.de/publications/Publ-41940</subfield>
    <subfield code="i">isReferencedBy</subfield>
    <subfield code="n">url</subfield>
  </datafield>
  <datafield tag="773" ind1=" " ind2=" ">
    <subfield code="a">10.14278/rodare.4608</subfield>
    <subfield code="i">isVersionOf</subfield>
    <subfield code="n">doi</subfield>
  </datafield>
  <controlfield tag="001">4609</controlfield>
  <datafield tag="245" ind1=" " ind2=" ">
    <subfield code="a">Data publication: Ferromagnetic Resonance response of bcc Fe60V40 layers generated from short-range ordered precursors</subfield>
  </datafield>
  <datafield tag="700" ind1=" " ind2=" ">
    <subfield code="a">Cansever, Hamza</subfield>
  </datafield>
  <datafield tag="700" ind1=" " ind2=" ">
    <subfield code="a">Lenz, Kilian</subfield>
    <subfield code="0">(orcid)0000-0001-5528-5080</subfield>
  </datafield>
  <datafield tag="700" ind1=" " ind2=" ">
    <subfield code="a">Kentsch, Ulrich</subfield>
    <subfield code="0">(orcid)0000-0001-5295-2554</subfield>
  </datafield>
  <datafield tag="700" ind1=" " ind2=" ">
    <subfield code="a">Zhou, Shengqiang</subfield>
    <subfield code="0">(orcid)0000-0002-4885-799X</subfield>
  </datafield>
  <datafield tag="700" ind1=" " ind2=" ">
    <subfield code="a">Faßbender, Jürgen</subfield>
    <subfield code="0">(orcid)0000-0003-3893-9630</subfield>
  </datafield>
  <datafield tag="700" ind1=" " ind2=" ">
    <subfield code="a">Potzger, Kay</subfield>
  </datafield>
  <datafield tag="700" ind1=" " ind2=" ">
    <subfield code="a">Hellwig, Olav</subfield>
    <subfield code="0">(orcid)0000-0002-1351-5623</subfield>
  </datafield>
  <datafield tag="700" ind1=" " ind2=" ">
    <subfield code="a">Lindner, Jürgen</subfield>
    <subfield code="0">(orcid)0000-0002-4955-515X</subfield>
  </datafield>
  <datafield tag="700" ind1=" " ind2=" ">
    <subfield code="a">Bali, Rantej</subfield>
    <subfield code="0">(orcid)0000-0002-5325-4018</subfield>
  </datafield>
</record>
36
3
views
downloads
All versions This version
Views 3636
Downloads 33
Data volume 409.9 MB409.9 MB
Unique views 3434
Unique downloads 33

Share

Cite as